LEADER 01260nam--2200397---450- 001 990000417360203316 005 20090506094029.0 035 $a0041736 035 $aUSA010041736 035 $a(ALEPH)000041736USA01 035 $a0041736 100 $a20010426d1984----km-y0itay0103----ba 101 $apor 102 $aPT 105 $a||||||||001yy 200 1 $a<>visita em Portugal em 1866$fHans Christian Andersen$gtraduçao e notas de Silva Duarte 205 $a2.ed. 210 $aLisboa$cMinistéerio da Educaçao, Instituto de Cultura e Língua Portuguesa$d1984 215 $a134 p.$d24 cm 676 $a839.813 700 1$aANDERSEN,$bHans Christian$0164203 801 0$aIT$bsalbc$gISBD 912 $a990000417360203316 951 $aII.6.B.90$b430 DSLL 959 $aBK 969 $aDSLL 979 $aANGELA$b90$c20010426$lUSA01$h1307 979 $aANGELA$b90$c20010426$lUSA01$h1353 979 $aANGELA$b90$c20010426$lUSA01$h1355 979 $aANGELA$b90$c20010426$lUSA01$h1400 979 $aANGELA$b90$c20020311$lUSA01$h1110 979 $c20020403$lUSA01$h1650 979 $aPATRY$b90$c20040406$lUSA01$h1629 979 $aDSLL$b90$c20090506$lUSA01$h0940 996 $aVisita em Portugal em 1866$9873453 997 $aUNISA LEADER 01376nam--2200433---450- 001 990001461580203316 005 20050523183317.0 035 $a000146158 035 $aUSA01000146158 035 $a(ALEPH)000146158USA01 035 $a000146158 100 $a20040227d1971----km-y0itay0103----ba 101 0 $aita 102 $aIT 105 $a||||||||001yy 200 1 $aControllo sociale e comportamento deviante$fAlbert Kircidel Cohen 205 $a2. ed. 210 $aBologna$cIl Mulino$d1971 215 $a211 p.$d21 cm. 225 2 $a<> nuova scienza$iFondamenti di sociologia 300 $aEdizione italiana a cura di Antonio Carbonaro. Traduzione di Laura Bonin 410 0$12001$a<> nuova scienza$iFondamenti di sociologia 454 1$12001$aDeviance and control$920745 461 1$1001-------$12001 606 0 $aComportamento 676 $a301.152 700 1$aCOHEN,$bAlbert Kircidel$0120460 702 1$aCARBONARO,$bAntonio 702 $aBONIN,$bLaura 801 0$aIT$bsalbc$gISBD 912 $a990001461580203316 951 $aII.5. Coll.5/ 18(VI soc A coll. 11/19)$b24822/87 L.M.$cVI soc 959 $aBK 969 $aUMA 979 $aSIAV8$b10$c20040227$lUSA01$h1539 979 $aPATRY$b90$c20040406$lUSA01$h1742 979 $aCOPAT6$b90$c20050523$lUSA01$h1833 996 $aDeviance and control$920745 997 $aUNISA